000 00664nam a2200205 4500
003 OSt
005 20240604061216.0
006 a
008 240604b |||||||| |||| 00| 0 eng d
020 _a9710871692
040 _aDWCL-Main lib.
_cOC
082 _aFil. 343.599 D912b 2012
100 _aDuncano, Danilo A.
245 _aBIR issuances : trust, estate and donation/gift (updated compilation of relevant issues) /
260 _aMandaluyong City, Phils. :
_b National Book Store,
_cc2012.
300 _axii,
_b290 pages ;
_c 24 cm.
650 _a1. Taxation–Law and legislation–Philippines.
700 _aDanilo A. Duncano
942 _2ddc
_n0
_cBK - FIL
_kFil.
999 _c122
_d122